=LDR 00000nam 2200000 4500 =001 INLIS000000000049745 =005 20170323141120.0 =006 =007 =008 =035 ##$$0010-031700000000190 =082 ##$$a 658 =090 ##$$a 658 bus c =100 ##$$a James G Simmons =245 ##$$a Creative Business Financing =260 ##$$a A Spectrum Book =300 ##$$a 310 hlm. =850 ##$$a NBPDMAT =990 ##$$a 21602595/BPAP-NTB/2017 =990 ##$$a 21602596/BPAP-NTB/2017 =990 ##$$a 21602597/BPAP-NTB/2017